Язовци (Запис номер 185929)
[ съкратено ]
| 000 -Лидер | |
|---|---|
| Контролно поле с фиксирана дължина | 01354nam a2200301 c 4500 |
| 003 - Код на организацията, давaща контролен номер | |
| Контролно поле | BLK |
| 005 - Дата и час на последна редакция | |
| Контролно поле | 20220609111051.0 |
| 008 - Елементи от данни с фиксирана дължина | |
| fixed length control field | 180411b bul|||||r ||||||| ||bul|| |
| 010 ## - Наследен системен номер | |
| LC control number | KNG00194923000 |
| 040 ## - Източник на каталожния запис | |
| Идентификатор на билиотеката - собственик на записа | BLK |
| 041 ## - Код за език | |
| Код за езика на текст/звукозапис или на отделно заглавие | Български |
| Код за езика КДБФ | Български |
| 080 ## - УДК | |
| Текстов определител УДК | Руска литература |
| УДК код - определител по УДК | 821.161.1 |
| УДК определител | -31 |
| УДК - код + определител | 821.161.1-31 |
| 100 1# - Редна дума - Автор | |
| Автор | Леонов, Леонид Максимович |
| Авторска отговорност | първи автор |
| R(LIN) | 384334 |
| 139 ## - Редно поле | |
| Редна дума | Леонов, Леонид Максимович |
| Авторски знак | Лео - Л 46 |
| 245 10 - Сведения за заглавието | |
| Заглавие | Язовци |
| Подзаглавни данни | Роман |
| Редно поле (дума) | Леонид Максимович Леонов; прев. от рус. Иван Н. Добрев; предг. от Иван Ал. Цветков. |
| 257 ## - Страна на издаване | |
| Страна на създаване/издаване | Русия |
| 260 ## - Област на издателските данни | |
| -- | Пловдив |
| Име на издателя, разпространителя и проч. | Христо Г. Данов |
| Година на издаване | 1987 |
| Печатница | София : Г. Димитров |
| 300 ## - Физическа характеристика | |
| Страници | 312 с. |
| Размери/Мащаб | 21 см |
| 380 ## - Жанр | |
| Жанр | Худож. лит. |
| 500 ## - Общи забележки | |
| Забележка | Прев. е направен от Собрание сочинений в 10 т., т. 2 / Леонид Максимович Леонов ; Ориг. загл. Барсуки. - Без тир. |
| 700 1# - Други автори (авторска отговорност) | |
| Лично име | Добрев, Иван Н. |
| Автороска отговорност (Описва отношението между автора и произведението) | прев. от рус. |
| 9 (RLIN) | 343981 |
| 700 1# - Други автори (авторска отговорност) | |
| Лично име | Цветков, Иван Ал. |
| Автороска отговорност (Описва отношението между автора и произведението) | предг. от |
| 9 (RLIN) | 383109 |
| 852 ## - Местоположение | |
| Форматна сигнатура | Цб 148805 |
| 856 4# - Електронен адрес и достъп | |
| Електронен формат | pdf - файл |
| Път до файла /url/ | |
| 856 4# - Електронен адрес и достъп | |
| Електронен формат | pdf - файл |
| Път до файла /url/ | |
| 942 ## - АРТИКУЛИ | |
| Вид на библиотечния материал | Книги |
| Скрит в OPAC | Не |
| Koha issues (borrowed), all copies | 1 |
| 944 ## - СЪЗДАВАНЕ И РЕДАКЦИЯ на ЗАПИСА | |
| Създаване/Редакция | Създаване |
| Дата на регистрацията/редакция | 02.11.2016 |
| Служител, извършил регистрацията/редакцията | Грета_Цуфелде |
| 944 ## - СЪЗДАВАНЕ И РЕДАКЦИЯ на ЗАПИСА | |
| Създаване/Редакция | Редакция |
| Дата на регистрацията/редакция | 02.11.2016 |
| Служител, извършил регистрацията/редакцията | Грета_Цуфелде |
| 999 ## - СИСТЕМНИ КОНТРОЛНИ НОМЕРА | |
| Koha biblionumber | 185929 |
| Koha biblioitemnumber | 185929 |
| Код за отписване | Код за изгубен артикул | Източник на класификационната схема | Код за повреда | Коз за рестрикции | Код за отдаване | Артикулен № | Име на библиотеката - собственик | Име на библиотеката, в която се намира в момента | Статус (Текущо местоположение) | Дата на вписване в системата | Местоположение - отдел | Цена в лева | Инвентарен номер | Систематично азбучна сигнатура | Баркод | Номер на екземпляра | Цена в евро | Служебна бележка | Служебен тип на артикула |
|---|---|---|---|---|---|---|---|---|---|---|---|---|---|---|---|---|---|---|---|
| Не е изгубен | Universal Decimal Classification | Не е повреден | без рестрикции | ползва се в читалня | 322988 | Регионална библиотека "Любен Каравелов" Русе | Регионална библиотека "Любен Каравелов" Русе | Хранилище | 1987-01-01 | Хранилище | 2.94 | 480312 | Цб 148805 | 120000480312 | 1 | 1.50 | N: стар фонд Дата: 01.01.1987 | Книги | |
| Не е изгубен | Universal Decimal Classification | Не е повреден | без рестрикции | заемане за дома | 322989 | Регионална библиотека "Любен Каравелов" Русе | Регионална библиотека "Любен Каравелов" Русе | Заемна - подръчен фонд | 1987-01-01 | Заемна - подръчен фонд | 2.94 | 489895 | П 882-31/Л 46 | 120000489895 | 2 | 1.50 | N: стар фонд Дата: 01.01.1987 Дата инв: 12.02.2018 Бележки инв: П2018 | Книги |